| 000 | 01449cam a22003614a 4500 | ||
|---|---|---|---|
| 001 | 14241692 | ||
| 003 | OSt | ||
| 005 | 20170105101220.0 | ||
| 008 | 060126s2004 pk a b 000 0deng | ||
| 010 | _a 2006334009 | ||
| 020 | _a969846915X | ||
| 040 |
_aDLC _cDLC _dDLC |
||
| 042 | _alcode | ||
| 043 | _aa-pk--- | ||
| 050 | 0 | 0 |
_aTD495 _b.K34 2004 |
| 100 | 1 | _aKahlown, Muhammad Akram. | |
| 245 | 1 | 0 |
_aReducing conveyance losses from water channels / _cMuhammad Akram Kahlown, W. Doral Kemper. |
| 250 | _a1st ed. | ||
| 260 |
_aIslamabad: _bPakistan Council of Research in Water Resources, Ministry of Science & Technology, _c2004. |
||
| 300 |
_a1 v. (various pagings) : _bcol. ill. ; _c24 cm. |
||
| 504 | _aIncludes bibliographical references. | ||
| 650 | 0 |
_aChannels (Hydraulic engineering) _xProtection _zPakistan . |
|
| 650 | 0 |
_aIrrigation canals and flumes _xProtection _zPakistan. |
|
| 650 | 0 |
_aSeepage _zPakistan _xMeasurement. |
|
| 650 | 0 | _aLoss control. | |
| 650 | 0 |
_aWater leakage _zPakistan _xPrevention. |
|
| 650 | 0 |
_aWater _zPakistan _xDistribution _xManagement. |
|
| 700 | 1 |
_aKemper, William Doral, _d1928- |
|
| 856 | 4 | 1 |
_3Table of contents only _uhttp://www.loc.gov/catdir/toc/fy0713/2006334009.html |
| 906 |
_a7 _bcbc _corigode _d3 _encip _f20 _gy-gencatlg |
||
| 942 |
_2ddc _cBK |
||
| 999 |
_c3576 _d3576 |
||